| 000 | 00504nam a22001457a 4500 | ||
|---|---|---|---|
| 999 |
_c3949 _d3949 |
||
| 008 | 200708b ||||| |||| 00| 0 eng d | ||
| 082 | 0 | 0 |
_a363.123750941 _bR9751 |
| 100 |
_93010 _aRutherford, D. E. |
||
| 245 | 1 | 0 |
_aShip safety personnel : role and duties : a survey and guide for ships' safety officials and for safety managers and ship operators / _cby D. E. Rutherford |
| 250 | _a1st ed. | ||
| 260 |
_aLondon _bCharles griffin _c1982 |
||
| 300 | _a114 p. | ||
| 650 | 0 | _aShips Safety measures | |
| 942 | _cBK | ||